Number 1 by Region #2 - Statistics

General Stats
  • This quiz has been taken 83 times
  • The average score is 10 of 15
Answer Stats
Hint Answer % Correct
Biggest country by population Italy
97%
Biggest country by Area Spain
96%
Biggest country by area Brazil
92%
Biggest country by population Brazil
92%
Biggest country by Area Indonesia
83%
Biggest city by population Madrid
83%
Biggest country by population Indonesia
81%
Biggest city by population Jakarta
75%
Biggest city by population Mexico City
69%
Richest country by GDP per capita Singapore
68%
Richest country by GDP per capita Italy
57%
Highest Mountain Aconcagua
39%
Highest mountain Monte Bianco
36%
Richest country by GDP per capita Bahamas
27%
Highest Mountain Hkakabo Razi
0%
No matching quizzes found
Score Distribution
Percent of People with Each Score
Percentile by Number Answered
Your Score History
You have not taken this quiz